000 00358nam a2200133 a 4500
005 20140412111339.0
008 040903s19uu xx 00 eng d
020 _a0-14-056820-4
050 _aER
_bOn1 2001
100 _aZiefert, Harriet
245 _aOn Halloween night /
_cHarriet Ziefert.
260 _aHong Kong :
_bPuffin books,
_c2001.
999 _c105086
_d105086